Hind Swaraj/ (Record no. 181930)

000 -LEADER
fixed length control field 00406nam a22001697a 4500
020 ## - INTERNATIONAL STANDARD BOOK NUMBER
ISBN 9789393969774
082 ## - DEWEY DECIMAL CLASSIFICATION NUMBER
Classification number M GAN 181.4
Item number GAN/H
100 ## - MAIN ENTRY--AUTHOR NAME
Personal name Gandhi
245 ## - TITLE STATEMENT
Title Hind Swaraj/
Statement of responsibility, etc by Gandhi
260 ## - PUBLICATION, DISTRIBUTION, ETC. (IMPRINT)
Place of publication Kozhikode:
Name of publisher Pavanatma Publishers,
Year of publication 2023.
300 ## - PHYSICAL DESCRIPTION
Number of Pages 152p.
650 ## - SUBJECT ADDED ENTRY--TOPICAL TERM
Topical Term Gandhiana
650 ## - SUBJECT ADDED ENTRY--TOPICAL TERM
Topical Term Philosophy Gandhi
650 ## - SUBJECT ADDED ENTRY--TOPICAL TERM
Topical Term Philosophy
700 ## - ADDED ENTRY--PERSONAL NAME
Personal name Appu Muttara (tr.)
942 ## - ADDED ENTRY ELEMENTS (KOHA)
Koha item type Book
Holdings
Withdrawn status Lost status Damaged status Not for loan Permanent Location Current Location Shelving location Date acquired Cost, normal purchase price Full call number Accession Number Price effective from Koha item type
        Sree Sankaracharya University of Sanskrit Sree Sankaracharya University of Sanskrit Stacks 02.06.2026 240.00 M GAN 181.4 GAN/H 109063 02.06.2026 Book